banner-ar

كيف تستمتع بوقت الفراغ / (Record no. 47152)

MARC details
000 -الفاتح
حقل البيانات ثابتة الطول 00668nam a2200217Ia 4500
008 - عناصر البيانات ثابتة الطول - معلومات عامة
حقل البيانات ثابتة الطول 140319s9999 xx 000 0 ara d
040 ## - مصدر الفهرسة
وكالة الفهرسة الأصلية GCL /
وكالة النسخ GCL
082 04 - رقم تصنيف ديوى العشرى
رقم التصنيف 155.4
رقم المادة ك س
100 1# - المدخل الرئيسى - إسم شخصى
الإسم الشخصى عبدالعزيز القوصى
245 10 - بيان العنوان
العنوان كيف تستمتع بوقت الفراغ /
بيان المسئوليه,etc عبدالعزيز القوصى
700 1# - المدخل الاضافى - اسم شخصى
الإسم الشخصى مننجر, وليم
700 1# - المدخل الاضافى - اسم شخصى
الإسم الشخصى محمد احمد الغنام
300 ## - الوصف المادى
التعداد 106 ص
490 ## - بيان السلسلة
عنوان السلسلة سلسلة دراسات سيكولوجية
رقم المجلد/ التعيين التسلسلي 0
650 04 - المدخل الاضافى بالموضوع-مصطلح موضوعى
مصطلح موضوعي الترفيه
650 04 - المدخل الاضافى بالموضوع-مصطلح موضوعى
مصطلح موضوعي وقت الفراغ
650 04 - المدخل الاضافى بالموضوع-مصطلح موضوعى
مصطلح موضوعي الهوايات
650 04 - المدخل الاضافى بالموضوع-مصطلح موضوعى
مصطلح موضوعي الاطفال, وقت الفراغ
942 ## - عناصر المدخل الإضافي( كوها)
مصدر التصنيف او مخطط الترفيف Dewey Decimal Classification
Koha [default] item type كتاب
Holdings
حالة التراجع حالة الفقد حالة تلف ليس للاعارة المكان المؤقت الموقع الحالى تاريخ الاكتساب اجمالي اﻻعارات رقم الطلب الباركود تاريخ اخر مشاهدة تاريخ تفعيل السعر نوع وعاء كوها
        مكتبة القاهرة الكبرى مكتبة القاهرة الكبرى 03/26/2014   155.4\ك س 114253 03/26/2014 03/26/2014 كتاب
        مكتبة القاهرة الكبرى مكتبة القاهرة الكبرى 03/26/2014   155.4\ك س 114254 03/26/2014 03/26/2014 كتاب

Powered By

EGPV